000 00297nam a22001337a 4500
008 170907b xxu||||| |||| 00| 0 eng d
020 _a9780321070852
041 _aeng
080 _a91
100 _a42
101 _aGJEO
245 _aCIVILIZATION IN THE WEST
_cKISHLANSKY, M
942 _2udc
_cBK
999 _c26676
_d26676